• 首页
  • 本馆介绍
  • 公告通知
  • 最新文献
  • 馆藏检索
  • 电子资源
  • 读者导购
  • 参考咨询
  • 我的图书馆
  • 登录
  • 详细信息显示
  • 放入我的书架
  • 预约/预借图书
  • 作者相关作品
  • 分类相关作品
  • 丛书相关作品
  • 出版社相关作品

书目信息

  • 表格格式
  • 工作单格式
  • 卡片格式
题名:
民族艺术
    
 
作者: ;《民族艺术》编辑部
分册: 1999年第2期(总第55期)  
出版信息: 南宁   《民族艺术》杂志社  1999.6
页数: 224页
开本: 20cm
丛书名:
单 册:
中图分类: C55
科图分类:
主题词: 社会科学--连续出版物 , 社会科学--期刊
电子资源:
ISBN:
000 00613nam0 2200205 45
001 0004101589
005 20040525151647.8
010    @dCNY6.80
100    @a20000410d1999 km y0chiy0120 ea
101    @achi
105    @a z 000yy
200 1  @a民族艺术@h1999年第2期(总第55期)@AMin Zu Yi Shu@AMin Zu Yi Shu:1999 Nian Di 2 Qi=Di 55 Qi@f《民族艺术》编辑部
210    @a南宁@c《民族艺术》杂志社@d1999.6
215    @a224页@d20cm
606 0  @a社会科学@x连续出版物
606 0  @a社会科学@x期刊
690    @aC55@v1
711 02 @a《民族艺术》编辑部
801    @aCN@bTSTC@c20000410
905    @f8@b287448-455@dC55@e101:55
    
    民族艺术.1999年第2期(总第55期)/《民族艺术》编辑部.-南宁:《民族艺术》杂志社,1999.6
    224页;20cm
    
    
    ISBN :CNY6.80
    
●
相关链接 在E读中查询图书 在五车中查询图书 在当当中查询图书 在豆瓣中查询图书


正题名:民族艺术     索取号:C55/101:55         预约/预借

序号 登录号 条形码 馆藏地/架位号 状态 备注
1 0287448   002874483   第一借阅区/ [索取号:C55/101:55] 在馆    
2 0287449   002874492   密集书库/ [索取号:C55/101:55] 在馆    
3 0287450   002874508   第一借阅区/ [索取号:C55/101:55] 在馆    
4 0287451   002874517   第一借阅区/ [索取号:C55/101:55] 在馆    
5 0287452   002874526   密集书库/ [索取号:C55/101:55] 在馆    
6 0287453   002874535   密集书库/ [索取号:C55/101:55] 在馆    
7 0287454   002874544   密集书库/ [索取号:C55/101:55] 在馆    
8 0287455   002874553   第一样本阅览室/ [索取号:C55/101:55] 在馆    
唐山师范学院图书馆 欢迎您!
大连网信软件有限公司© 版权所有